[Event "XVI Festival A"]
[Site "Robecchetto con Induno ITA"]
[Date "2005.12.30"]
[Round "6"]
[White "Trumpf, Walter"]
[Black "Corti, Corrado"]
[Result "1-0"]
[WhiteElo "2058"]
[BlackElo "2067"]
[PlyCount "57"]
[EventDate "2005.12.27"]

1. d4 d5 2. e4 dxe4 3. Nc3 Nf6 4. f3 exf3 5. Nxf3 e6 6. Bd3 Be7 7. O-O Nbd7 8.
Qe1 Nb6 9. Bg5 h6 10. Bd2 c6 11. Qg3 Rg8 12. Rae1 Nbd5 13. Ne5 Qb6 14. Nxd5
cxd5 15. c3 Bd7 16. Bg6 fxg6 17. Qxg6+ Kd8 18. Rxf6 Bxf6 19. Qf7 Be8 20. Qxg8
Ke7 21. Ng4 Rd8 22. Nxf6 Kxf6 23. Qh7 Bg6 24. Rf1+ Bf5 25. g4 g6 26. Qxh6 Rg8
27. gxf5 exf5 28. Bg5+ Ke6 29. Re1+ 1-0

[Event "XLVIII Torneo di Capodanno"]
[Site "Reggio nell'Emilia ITA"]
[Date "2006.12.06"]
[Round "9"]
[White "Cebalo, Miso"]
[Black "Landa, Konstantin"]
[Result "1/2-1/2"]
[WhiteElo "2512"]
[BlackElo "2600"]
[PlyCount "20"]
[EventDate "2005.12.29"]

1. d4 d5 2. c4 e6 3. Nc3 Bb4 4. cxd5 exd5 5. Bf4 c6 6. e3 Bf5 7. Bd3 Bxd3 8.
Qxd3 Nf6 9. Nge2 O-O 10. a3 Bd6 1/2-1/2

[Event "II Open"]
[Site "Pisa ITA"]
[Date "2005.10.??"]
[Round "3"]
[White "Raspopovic, Stanisa"]
[Black "Onesti, Luca"]
[Result "1-0"]
[WhiteElo "2085"]
[BlackElo "1784"]
[PlyCount "49"]
[EventDate "2005.10.29"]

1. e4 e5 2. Nf3 Nc6 3. d4 exd4 4. Nxd4 Bc5 5. Be3 Qf6 6. c3 Nge7 7. f4 d6 8.
Be2 Bd7 9. O-O O-O-O 10. a3 Rhe8 11. Qd3 Bb6 12. Nd2 Nxd4 13. cxd4 Nf5 14. Nf3
Nxe3 15. Qxe3 Bc6 16. Bd3 Qe7 17. Rfe1 f5 18. Nd2 fxe4 19. Bxe4 Bxe4 20. Nxe4
Qd7 21. Qd3 Qa4 22. Rad1 d5 23. Nc5 Rxe1+ 24. Rxe1 Bxc5 25. dxc5 {...} 1-0

[Event "I Open A"]
[Site "Pedavena ITA"]
[Date "2005.08.03"]
[Round "1"]
[White "Brunelli, Giovanni"]
[Black "Inkiov, Ventzislav V."]
[Result "0-1"]
[WhiteElo "1938"]
[BlackElo "2472"]
[PlyCount "54"]
[EventDate "2005.08.03"]

1. e4 c5 2. Nf3 d6 3. d4 cxd4 4. Nxd4 Nf6 5. Nc3 Nc6 6. Be2 g6 7. Be3 Bg7 8.
O-O O-O 9. f3 d5 10. exd5 Nb4 11. Bc4 Nbxd5 12. Nxd5 Nxd5 13. Bf2 Nf4 14. c3
Qc7 15. Bb3 a6 16. Bc2 Rd8 17. Qb1 e5 18. Nb3 Be6 19. Nc5 Bc4 20. Re1 b6 21.
Ne4 f5 22. Ng3 Rd2 23. Bb3 Rxf2 24. Kxf2 Qc5+ 25. Re3 Bxb3 26. axb3 Nd5 27. Qd3
f4 0-1

[Event "I Open A"]
[Site "Pedavena ITA"]
[Date "2005.08.03"]
[Round "1"]
[White "Castellano, Alfonso"]
[Black "Efimov, Igor"]
[Result "0-1"]
[WhiteElo "1928"]
[BlackElo "2401"]
[PlyCount "64"]
[EventDate "2005.08.03"]

1. c4 Nf6 2. Nc3 e5 3. g3 d5 4. cxd5 Nxd5 5. Bg2 Nb6 6. Nf3 Nc6 7. O-O Be6 8.
d3 Be7 9. Be3 O-O 10. Qc1 Kh8 11. Rd1 f5 12. Ng5 Bg8 13. Nh3 Qd7 14. f4 Rae8
15. Bf2 exf4 16. Nxf4 Ne5 17. Kh1 Rf6 18. e4 Rh6 19. Bg1 Ng4 20. Bf3 fxe4 21.
dxe4 Bd6 22. Qc2 Nc4 23. Qe2 Nce5 24. Rd4 Qc8 25. Rd2 Rf8 26. Bxg4 Nxg4 27. Qb5
Ne5 28. Rf2 Bc4 29. Qa5 b6 30. Qxa7 Ba6 31. Ncd5 Nc6 32. Ng6+ hxg6 0-1

[Event "I Open A"]
[Site "Pedavena ITA"]
[Date "2005.08.03"]
[Round "1"]
[White "Chiesura, Luca"]
[Black "Bini, Lorenzo"]
[Result "1/2-1/2"]
[WhiteElo "1470"]
[BlackElo "2009"]
[PlyCount "55"]
[EventDate "2005.08.03"]

1. Nc3 b6 2. d4 Bb7 3. Bf4 e6 4. a3 Nf6 5. Qd3 Be7 6. Nf3 Nh5 7. Be3 d6 8. h3
Nd7 9. g4 Nhf6 10. Rh2 Nd5 11. Bg2 Nxe3 12. Qxe3 h6 13. h4 Nf6 14. Qf4 Nd5 15.
Nxd5 Bxd5 16. e4 Bb7 17. O-O-O Qd7 18. e5 d5 19. Bh3 Qa4 20. Rd3 Ba6 21. Rc3 c5
22. g5 b5 23. Kb1 c4 24. b4 cxb3 25. cxb3 Qxa3 26. Ne1 b4 27. Re3 Rc8 28. Nc2
1/2-1/2

[Event "I Open A"]
[Site "Pedavena ITA"]
[Date "2005.08.03"]
[Round "1"]
[White "Drezzadore, Dario"]
[Black "Andolfatto, Biagio"]
[Result "1-0"]
[WhiteElo "2019"]
[BlackElo "1684"]
[PlyCount "53"]
[EventDate "2005.08.03"]

1. e4 c5 2. d4 cxd4 3. c3 dxc3 4. Nxc3 Nc6 5. Nf3 e6 6. Bc4 Bb4 7. O-O h6 8.
Qe2 Nge7 9. Rd1 O-O 10. Be3 Bxc3 11. bxc3 d5 12. exd5 exd5 13. Bb3 Qa5 14. Rac1
Bg4 15. c4 dxc4 16. Rxc4 Bxf3 17. gxf3 Qh5 18. Rg4 Ne5 19. Bf4 N7g6 20. Bg3
Nxg4 21. fxg4 Qa5 22. Rd7 Rae8 23. Bxf7+ Rxf7 24. Qxe8+ Rf8 25. Qxg6 Qc3 26.
Qe6+ Kh8 27. Rxg7 1-0

[Event "I Open A"]
[Site "Pedavena ITA"]
[Date "2005.08.03"]
[Round "1"]
[White "Dussin, Davide"]
[Black "Chinello, Gianmarco"]
[Result "1/2-1/2"]
[WhiteElo "1706"]
[BlackElo "2070"]
[PlyCount "107"]
[EventDate "2005.08.03"]

1. d4 d5 2. c4 c6 3. Nc3 e6 4. Nf3 Nf6 5. Bg5 Nbd7 6. e3 Be7 7. Bd3 dxc4 8.
Bxc4 b5 9. Bd3 Bb7 10. Rc1 a6 11. O-O O-O 12. Qe2 Rc8 13. Rfd1 h6 14. Bh4 Qb6
15. Ne5 Rfe8 16. Bb1 c5 17. dxc5 Nxc5 18. b4 Ncd7 19. Nxd7 Nxd7 20. Bxe7 Rxe7
21. Ne4 Rxc1 22. Rxc1 Re8 23. Qd3 Ne5 24. Qd6 Nc4 25. Qxb6 Nxb6 26. Nd6 Re7 27.
Nxb7 Rxb7 28. Rc6 g6 29. Be4 Rb8 30. Kf1 Nc4 31. Ke2 a5 32. bxa5 Nxa5 33. Ra6
Nc4 34. Ra8 Rxa8 35. Bxa8 Kf8 36. f3 Ke7 37. Kd3 Kd6 38. f4 Kc5 39. Bf3 e5 40.
Be2 f5 41. fxe5 Nxe5+ 42. Kd2 Nc4+ 43. Kd3 b4 44. g3 Nb2+ 45. Kc2 Na4 46. Bd3
Nc3 47. a3 Nd5 48. axb4+ Nxb4+ 49. Kd2 Nxd3 50. Kxd3 Kd5 51. h3 Ke5 52. Ke2 h5
53. h4 Kf6 54. Kd3 1/2-1/2

[Event "I Open A"]
[Site "Pedavena ITA"]
[Date "2005.08.03"]
[Round "1"]
[White "Dvirnyy, Danyyil"]
[Black "Celotto, Carlo"]
[Result "1-0"]
[WhiteElo "2141"]
[BlackElo "1840"]
[PlyCount "87"]
[EventDate "2005.08.03"]

1. e4 c5 2. Nf3 Nc6 3. Bb5 g6 4. c3 Bg7 5. O-O a6 6. Bxc6 dxc6 7. d3 e5 8. Be3
Qe7 9. a3 a5 10. Nbd2 Nf6 11. b4 cxb4 12. axb4 Qc7 13. Nc4 Nd7 14. bxa5 O-O 15.
Nb6 Ra6 16. Qb3 Nxb6 17. axb6 Qd7 18. Rxa6 bxa6 19. Rb1 Bb7 20. Bc5 Rd8 21. d4
exd4 22. cxd4 Qe6 23. Qxe6 fxe6 24. e5 h6 25. Kf1 Kf7 26. Ke2 Rd5 27. Kd3 g5
28. g4 Ke8 29. Ke4 Kf7 30. Rc1 Rd8 31. Nd2 Bf8 32. Ke3 Bg7 33. Ne4 Ke8 34. Nd6+
Rxd6 35. exd6 Kd7 36. f4 Bf6 37. f5 e5 38. dxe5 Bxe5 39. Ke4 Bf6 40. Rb1 Ke8
41. Kd3 Kf7 42. Re1 Bc8 43. d7 Bxd7 44. b7 1-0

[Event "I Open A"]
[Site "Pedavena ITA"]
[Date "2005.08.03"]
[Round "1"]
[White "Fracasso Pezzolato, Michele"]
[Black "Occari, Maurizio"]
[Result "0-1"]
[WhiteElo "1814"]
[BlackElo "2124"]
[PlyCount "94"]
[EventDate "2005.08.03"]

1. e4 g6 2. d4 Bg7 3. Nf3 d6 4. Bc4 Nf6 5. Nc3 O-O 6. h3 c6 7. a4 d5 8. exd5
cxd5 9. Bd3 Nc6 10. O-O a6 11. Re1 Qd6 12. b3 Be6 13. Ba3 Qc7 14. Ne2 Nh5 15.
Qd2 Rac8 16. Rac1 Qd7 17. c3 Bf5 18. c4 Bxd3 19. Qxd3 dxc4 20. bxc4 Rfd8 21. d5
e6 22. d6 Ne5 23. Nxe5 Bxe5 24. c5 Qxa4 25. Rc4 Qc6 26. Re4 Bg7 27. Rb1 Nf6 28.
Rh4 Nd5 29. Nd4 Qd7 30. Re4 Nf6 31. Ree1 Re8 32. Rb3 e5 33. Nc2 Nh5 34. Qd5 b5
35. Rc3 Nf4 36. c6 Nxd5 37. cxd7 Nxc3 38. dxc8=Q Rxc8 39. Re3 e4 40. d7 Rd8 41.
Bb4 Nd5 42. Rxe4 Nf6 43. Re3 Rxd7 44. Rc3 Rd1+ 45. Kh2 Ng4+ 46. hxg4 Bxc3 47.
Bxc3 Rc1 0-1

[Event "I Open A"]
[Site "Pedavena ITA"]
[Date "2005.08.03"]
[Round "1"]
[White "Fragni, Enrico"]
[Black "Navarro, Emanuele"]
[Result "0-1"]
[WhiteElo "1861"]
[BlackElo "2158"]
[PlyCount "76"]
[EventDate "2005.08.03"]

1. d4 d6 2. Nf3 Bg4 3. Nbd2 Nf6 4. g3 Nbd7 5. Bg2 c6 6. O-O Qc7 7. b3 g6 8. Re1
Bg7 9. h3 Bxf3 10. Bxf3 O-O 11. Bb2 e5 12. c3 Rfe8 13. e4 b5 14. a3 a5 15. Qe2
Rab8 16. b4 c5 17. bxc5 dxc5 18. d5 Rf8 19. Nf1 Ne8 20. g4 Nd6 21. Ne3 c4 22.
Qc2 Nc5 23. Bc1 Qd8 24. Ng2 f5 25. gxf5 gxf5 26. exf5 e4 27. Bg4 Nd3 28. Re2
Qf6 29. Bd2 Qe5 30. Ne3 Nf4 31. Ree1 h5 32. Bd1 Nxh3+ 33. Kg2 Nf4+ 34. Kh1 Nd3
35. Rf1 Nxf5 36. Be2 Nh4 37. Bxd3 exd3 38. Qd1 Nf3 0-1

[Event "I Open A"]
[Site "Pedavena ITA"]
[Date "2005.08.03"]
[Round "1"]
[White "Gromovs, Sergejs"]
[Black "Maniero, Andrea"]
[Result "1-0"]
[WhiteElo "2375"]
[BlackElo "1898"]
[PlyCount "41"]
[EventDate "2005.08.03"]

1. d4 d5 2. Nf3 Nf6 3. c4 c6 4. Nc3 e6 5. Bg5 Nbd7 6. e3 Be7 7. Qc2 O-O 8. a3
h6 9. Bh4 dxc4 10. Bxc4 Nd5 11. Bg3 Nxc3 12. bxc3 c5 13. O-O cxd4 14. cxd4 Nf6
15. Ne5 Nh5 16. Qe4 Nxg3 17. fxg3 Bf6 18. Bd3 g6 19. Nxg6 Re8 20. Ne5 Bxe5 21.
Qh7+ 1-0

[Event "I Open A"]
[Site "Pedavena ITA"]
[Date "2005.08.03"]
[Round "1"]
[White "Luciani, Valerio"]
[Black "Cortina, Federico"]
[Result "1-0"]
[WhiteElo "2248"]
[BlackElo "1868"]
[PlyCount "70"]
[EventDate "2005.08.03"]

1. d4 Nf6 2. c4 g6 3. Nc3 Bg7 4. e4 d6 5. f3 O-O 6. Be3 b6 7. Bd3 a6 8. Nge2 c5
9. d5 e6 10. Rb1 exd5 11. cxd5 Re8 12. O-O Nbd7 13. Ng3 b5 14. Qd2 b4 15. Nd1
Ne5 16. Be2 Bd7 17. Nf2 Bb5 18. b3 Bxe2 19. Qxe2 a5 20. f4 Ned7 21. Qf3 a4 22.
Rbd1 axb3 23. axb3 Ra3 24. Bc1 Ra2 25. Rfe1 Qb6 26. Nf1 c4 27. Be3 Qb5 28. bxc4
Qxc4 29. Rd4 Qb5 30. Bd2 Rxd2 31. Rxd2 Nc5 32. Ng3 b3 33. Rb1 Qb6 34. Kh1 Nfd7
35. Nd3 Qb4 1-0

[Event "I Open A"]
[Site "Pedavena ITA"]
[Date "2005.08.03"]
[Round "1"]
[White "Marcori, Mirko"]
[Black "Pegoraro, Nicola"]
[Result "0-1"]
[WhiteElo "1730"]
[BlackElo "2085"]
[PlyCount "54"]
[EventDate "2005.08.03"]

1. d4 f5 2. c4 Nf6 3. Nf3 g6 4. e3 Bg7 5. Bd3 d6 6. O-O O-O 7. Nc3 Nc6 8. b3 e5
9. dxe5 dxe5 10. e4 f4 11. Ba3 Re8 12. Nd5 Bg4 13. Nxf6+ Qxf6 14. Be2 Rad8 15.
Qe1 Bxf3 16. Bxf3 Nd4 17. Qc3 Bf8 18. Bxf8 Rxf8 19. Rfe1 c5 20. Rad1 Rf7 21.
Kf1 h5 22. Rd3 Qh4 23. h3 g5 24. Kg1 g4 25. Bd1 f3 26. hxg4 hxg4 27. Qd2 Rh7
0-1

[Event "I Open A"]
[Site "Pedavena ITA"]
[Date "2005.08.03"]
[Round "1"]
[White "Moi, Roberto"]
[Black "Quaranta, Gaetano"]
[Result "1-0"]
[WhiteElo "2010"]
[BlackElo "1631"]
[PlyCount "85"]
[EventDate "2005.08.03"]

1. d4 Nf6 2. c4 c5 3. d5 b5 4. cxb5 a6 5. e3 d6 6. Nc3 g6 7. Nf3 Bg7 8. a4 O-O
9. h3 Nbd7 10. Be2 Bb7 11. O-O axb5 12. Bxb5 Nb6 13. e4 Qc7 14. Bf4 e5 15. dxe6
fxe6 16. Bxd6 Qf7 17. Bxf8 Rxf8 18. a5 Na8 19. Ng5 Qe7 20. Bc4 Bc8 21. Qb3 Re8
22. Rfd1 h6 23. Nf3 Bb7 24. Bxe6+ Kh7 25. Bd5 Ba6 26. e5 Nxd5 27. Qxd5 Nc7 28.
Qc6 Bc8 29. a6 Nxa6 30. Rxa6 Bxa6 31. Qxa6 Bxe5 32. Re1 Qc7 33. Rxe5 Rxe5 34.
Nxe5 Qxe5 35. Qb7+ Kh8 36. Qe4 Qb8 37. Qxg6 Qxb2 38. Ne4 Qc1+ 39. Kh2 Qf4+ 40.
g3 Qf3 41. Qxh6+ Kg8 42. Qg6+ Kh8 43. Qf6+ 1-0

[Event "I Open A"]
[Site "Pedavena ITA"]
[Date "2005.08.03"]
[Round "1"]
[White "Okhotnik, Vladimir"]
[Black "Ranfagni, Stefano"]
[Result "1-0"]
[WhiteElo "2404"]
[BlackElo "1934"]
[PlyCount "46"]
[EventDate "2005.08.03"]

1. Nf3 Nf6 2. d4 e6 3. e3 b6 4. Bd3 Bb7 5. Nbd2 d5 6. O-O Nbd7 7. b3 c5 8. Bb2
Be7 9. Ne5 Nxe5 10. dxe5 Nd7 11. f4 f5 12. c4 Nf8 13. Qe2 Ng6 14. cxd5 Bxd5 15.
e4 fxe4 16. Bb5+ Kf8 17. f5 exf5 18. Rxf5+ Kg8 19. Nxe4 Be6 20. Bc4 Nf8 21.
Rxf8+ Kxf8 22. Rf1+ Ke8 23. Bxe6 a6 1-0

[Event "I Open A"]
[Site "Pedavena ITA"]
[Date "2005.08.03"]
[Round "1"]
[White "Pol, Fabio"]
[Black "Cecchetto, Vanni"]
[Result "1/2-1/2"]
[WhiteElo "1688"]
[BlackElo "2019"]
[PlyCount "59"]
[EventDate "2005.08.03"]

1. e4 c5 2. Nc3 d6 3. Be2 Nc6 4. g4 g6 5. Nd5 Bg7 6. d3 e6 7. Ne3 Nge7 8. h4 h6
9. f4 Nd4 10. c3 Nxe2 11. Qxe2 Nc6 12. Nf3 Bd7 13. Nd2 b5 14. Nf3 Rb8 15. f5 b4
16. c4 Nd4 17. Qf2 exf5 18. gxf5 O-O 19. Ng4 Kh7 20. Ng5+ Kg8 21. Be3 gxf5 22.
Nxh6+ Bxh6 23. O-O-O Bg7 24. Rdg1 Qf6 25. Nh3 Kh8 26. Rxg7 Qxg7 27. Rg1 Qe5 28.
Bxd4 Qxd4 29. Qf3 Qxg1+ 30. Nxg1 1/2-1/2

[Event "I Open A"]
[Site "Pedavena ITA"]
[Date "2005.08.03"]
[Round "1"]
[White "Quaranta, Cristiano"]
[Black "Cipolotti, Piersilvio"]
[Result "1-0"]
[WhiteElo "2026"]
[BlackElo "1700"]
[PlyCount "79"]
[EventDate "2005.08.03"]

1. e4 Nc6 2. d4 e5 3. d5 Nce7 4. Nf3 Ng6 5. Nc3 Bc5 6. Be2 d6 7. Na4 Bb6 8.
Nxb6 axb6 9. O-O Nf6 10. Qd3 Nh5 11. g3 Bg4 12. Kg2 O-O 13. h3 Bd7 14. Ng5 Nf6
15. b3 h6 16. Nf3 Nh7 17. Bb2 f5 18. Nd2 f4 19. Nf3 Ng5 20. Rh1 Nxf3 21. Bxf3
fxg3 22. fxg3 Qg5 23. Kh2 Nh8 24. Rhf1 Nf7 25. Qe2 Qe7 26. Bg2 Ng5 27. a4 Rxf1
28. Rxf1 Rf8 29. Bc1 Rxf1 30. Qxf1 Qf6 31. Qxf6 gxf6 32. h4 Nf7 33. Bh3 Bxh3
34. Kxh3 Kg7 35. Kg4 Kg6 36. h5+ Kg7 37. Kf5 Nd8 38. Be3 b5 39. axb5 b6 40. b4
1-0

[Event "I Open A"]
[Site "Pedavena ITA"]
[Date "2005.08.03"]
[Round "1"]
[White "Reginato, Sabrina"]
[Black "Zarpellon, Daniel"]
[Result "0-1"]
[WhiteElo "1670"]
[BlackElo "2015"]
[PlyCount "102"]
[EventDate "2005.08.03"]

1. e4 d5 2. exd5 Qxd5 3. Nc3 Qd8 4. d4 c6 5. Bf4 Nf6 6. Nf3 Bg4 7. Be2 e6 8. h3
Bh5 9. a3 Bd6 10. Ne5 Bxe2 11. Qxe2 O-O 12. O-O-O Nd5 13. Bd2 b5 14. Ne4 a5 15.
Qh5 Nf6 16. Nxf6+ Qxf6 17. Bg5 Qf5 18. g4 Qe4 19. Rhe1 Qd5 20. Re3 f6 21. Bh4
Ra7 22. g5 g6 23. Qh6 f5 24. f4 Rd8 25. Bg3 Bf8 26. Qh4 c5 27. Red3 c4 28. R3d2
b4 29. a4 c3 30. Rd3 Qa2 31. bxc3 bxc3 32. Rxc3 Bb4 33. Rdd3 Bxc3 34. Rxc3 Qa1+
35. Kd2 Rxd4+ 36. Nd3 Nd7 37. Bf2 e5 38. fxe5 Rxh4 39. Bxa7 Rxh3 40. Bd4 Kf7
41. e6+ Ke7 42. exd7 Rh2+ 43. Nf2 Kxd7 44. Rc7+ Kxc7 45. Bxa1 Rxf2+ 46. Kd3
Rf3+ 47. Kc4 Kc6 48. Bc3 Rf4+ 49. Kb3 Kb6 50. Bf6 Rb4+ 51. Ka3 f4 0-1

[Event "I Open A"]
[Site "Pedavena ITA"]
[Date "2005.08.03"]
[Round "1"]
[White "Rossi, Gianni"]
[Black "Carlassara, Renato"]
[Result "1-0"]
[WhiteElo "2108"]
[BlackElo "1772"]
[PlyCount "37"]
[EventDate "2005.08.03"]

1. d4 d5 2. e4 dxe4 3. Nc3 Nf6 4. f3 c5 5. d5 exf3 6. Nxf3 e6 7. Bb5+ Bd7 8.
dxe6 fxe6 9. O-O Be7 10. Bg5 O-O 11. Qe1 Nd5 12. Bxe7 Nxe7 13. Rd1 Nec6 14. Qe3
Qe7 15. Ng5 Nd4 16. Rxf8+ Qxf8 17. Rf1 Nf5 18. Bxd7 Nxe3 19. Bxe6+ 1-0

[Event "I Open A"]
[Site "Pedavena ITA"]
[Date "2005.08.03"]
[Round "1"]
[White "Solinas, Carlo"]
[Black "Basso, Piergiorgio"]
[Result "1-0"]
[WhiteElo "2074"]
[BlackElo "1712"]
[PlyCount "47"]
[EventDate "2005.08.03"]

1. e4 c5 2. d4 cxd4 3. c3 dxc3 4. Nxc3 e6 5. Nf3 Be7 6. Bc4 d6 7. O-O Nc6 8.
Qe2 a6 9. Rd1 Qc7 10. Bf4 Nf6 11. Rac1 O-O 12. Bb3 Rd8 13. Nd5 exd5 14. exd5
Bg4 15. h3 Bh5 16. g4 Bg6 17. dxc6 bxc6 18. Nh4 Be4 19. g5 Re8 20. gxf6 Bxf6
21. Qg4 Qa5 22. Bd2 h5 23. Qf4 Qd8 24. Bc3 1-0

[Event "I Open A"]
[Site "Pedavena ITA"]
[Date "2005.08.03"]
[Round "1"]
[White "Starostits, Ilmars"]
[Black "Pomaro, Alberto"]
[Result "1-0"]
[WhiteElo "2474"]
[BlackElo "1943"]
[PlyCount "47"]
[EventDate "2005.08.03"]

1. c4 Nf6 2. Nc3 g6 3. g3 Bg7 4. Bg2 O-O 5. e4 d6 6. Nge2 Nbd7 7. O-O Ne5 8. d3
c5 9. h3 a6 10. Rb1 Rb8 11. Be3 Qa5 12. a3 b5 13. f4 Ned7 14. b4 cxb4 15. axb4
Qc7 16. cxb5 axb5 17. Qd2 e5 18. f5 Ba6 19. g4 Rfc8 20. g5 Ne8 21. fxg6 hxg6
22. Qa2 Ra8 23. Qxf7+ Kh7 24. Nd5 1-0

[Event "I Open A"]
[Site "Pedavena ITA"]
[Date "2005.08.03"]
[Round "1"]
[White "Stiz, Massimiliano"]
[Black "Cacco, Christian"]
[Result "0-1"]
[WhiteElo "1886"]
[BlackElo "2348"]
[PlyCount "66"]
[EventDate "2005.08.03"]

1. b3 e5 2. Bb2 Nc6 3. Nf3 d6 4. e3 Nge7 5. d3 g6 6. Nbd2 Bg7 7. Be2 O-O 8. d4
exd4 9. Nxd4 Nxd4 10. Bxd4 Bxd4 11. exd4 Nf5 12. Nf3 Bd7 13. O-O Qf6 14. Re1
Rfe8 15. c3 Ng7 16. Qd2 Bc6 17. Qg5 Nh5 18. Qxf6 Nxf6 19. Nd2 Nd5 20. c4 Nb4
21. Bf3 Nc2 22. Rxe8+ Rxe8 23. Bxc6 bxc6 24. Rd1 Nxd4 25. Nb1 Ne6 26. Nc3 f5
27. f3 Kf7 28. Kf2 a5 29. Rd2 Nc5 30. Rd1 Rb8 31. Rb1 Rb4 32. Ke3 a4 33. bxa4
Rxc4 0-1

[Event "I Open A"]
[Site "Pedavena ITA"]
[Date "2005.08.03"]
[Round "1"]
[White "Torri, Graziano"]
[Black "Navarro, Stefano"]
[Result "0-1"]
[WhiteElo "1865"]
[BlackElo "2209"]
[PlyCount "46"]
[EventDate "2005.08.03"]

1. e4 e5 2. Bc4 Nf6 3. d3 Bc5 4. Nf3 Nc6 5. c3 d6 6. b4 Bb6 7. a4 a5 8. b5 Ne7
9. O-O O-O 10. Be3 c6 11. Nbd2 d5 12. exd5 cxd5 13. Ba2 Ng6 14. Re1 Bc7 15. Bg5
Bf5 16. Nf1 Qd6 17. Ng3 Bg4 18. h3 Bxf3 19. Qxf3 e4 20. Qe3 Bb6 21. d4 Nd7 22.
h4 f5 23. f4 h6 0-1

[Event "I Open A"]
[Site "Pedavena ITA"]
[Date "2005.08.03"]
[Round "1"]
[White "Xia, Jie"]
[Black "Sottroi, Carlo"]
[Result "1/2-1/2"]
[WhiteElo "2121"]
[BlackElo "1802"]
[PlyCount "117"]
[EventDate "2005.08.03"]

1. e4 e6 2. d4 d5 3. e5 c5 4. c3 Nc6 5. Nf3 Qb6 6. Bd3 Bd7 7. O-O cxd4 8. cxd4
Nxd4 9. Nxd4 Qxd4 10. Nc3 Qb6 11. Qe2 a6 12. Kh1 Ne7 13. f4 g6 14. Be3 Qc7 15.
Rac1 Bc6 16. b4 Qd7 17. b5 axb5 18. Nxb5 Nf5 19. Bb6 Rc8 20. Na7 Rb8 21. Bb5
Ne7 22. Rc2 Bh6 23. Bc5 Bxb5 24. Nxb5 O-O 25. Bd6 Rbc8 26. Rfc1 Rxc2 27. Rxc2
Rc8 28. a4 Rxc2 29. Qxc2 Qc6 30. Qxc6 Nxc6 31. g3 Bf8 32. Kg2 Na5 33. Kf3 Nc4
34. Ke2 Bxd6 35. exd6 Kf8 36. Kd3 b6 37. Kd4 Ke8 38. Na7 Kd7 39. g4 Nxd6 40.
Ke5 Nc4+ 41. Kf6 d4 42. Nb5 d3 43. Nc3 Ke8 44. Kg7 Ne3 45. Ne4 Ke7 46. h3 Nc4
47. Nf2 d2 48. Nd1 e5 49. fxe5 Nxe5 50. Kxh7 Nd3 51. Kg7 Nc5 52. h4 Ne6+ 53.
Kg8 Nf4 54. Nf2 Ke6 55. Kg7 f5 56. g5 Ke7 57. Kh6 Kf7 58. Kh7 Nh5 59. Kh6
1/2-1/2

[Event "I Open A"]
[Site "Pedavena ITA"]
[Date "2005.08.04"]
[Round "2"]
[White "Basso, Piergiorgio"]
[Black "Castellano, Alfonso"]
[Result "0-1"]
[WhiteElo "1712"]
[BlackElo "1928"]
[PlyCount "92"]
[EventDate "2005.08.03"]

1. e4 c5 2. Nf3 d6 3. d4 cxd4 4. Nxd4 Nf6 5. Nc3 a6 6. a4 Qc7 7. Be2 e5 8. Nf5
Bxf5 9. exf5 Nbd7 10. O-O Be7 11. g4 h6 12. Bf3 Rc8 13. Re1 Nb6 14. Bg2 Nc4 15.
Qf3 Rb8 16. Qh3 Rg8 17. f4 exf4 18. b3 Ne5 19. Bxf4 Nexg4 20. Qg3 Qc5+ 21. Kf1
Qxf5 22. Be4 Nxe4 23. Nxe4 Ne5 24. Kg2 f6 25. Rad1 Rd8 26. Qe3 g5 27. Bg3 h5
28. Rf1 Qg6 29. c4 h4 30. Be1 f5 31. Nf2 f4 32. Qd4 Qc2 33. Rd2 Qxb3 34. Rb2
Qf3+ 35. Kg1 h3 36. Ne4 Qe3+ 37. Qxe3 fxe3 38. Rxb7 Nxc4 39. Rc7 Ne5 40. Ba5
Ra8 41. Re1 Nf3+ 42. Kf1 Nxe1 43. Kxe1 d5 44. Ng3 Rf8 45. Nh5 Rf2 46. Rc6 d4
0-1

[Event "I Open A"]
[Site "Pedavena ITA"]
[Date "2005.08.04"]
[Round "2"]
[White "Bini, Lorenzo"]
[Black "Xia, Jie"]
[Result "1-0"]
[WhiteElo "2009"]
[BlackElo "2121"]
[PlyCount "135"]
[EventDate "2005.08.03"]

1. f4 d5 2. b3 Nf6 3. Bb2 e6 4. Nf3 Nbd7 5. e3 Bd6 6. g3 h5 7. Qe2 h4 8. gxh4
Qe7 9. Rg1 e5 10. Rxg7 exf4 11. exf4 Qxe2+ 12. Bxe2 Kf8 13. Rg2 Bxf4 14. Nc3
Rh6 15. O-O-O c5 16. Rdg1 Nb6 17. Bd3 d4 18. Ne4 Nbd7 19. Ba3 Nxe4 20. Rg8+ Ke7
21. Bxe4 Nf6 22. Bxc5+ Kd7 23. Bf5+ Kc6 24. Rxc8+ Rxc8 25. Bxc8 Kxc5 26. Bxb7
Kb6 27. Bc8 Nd5 28. Nxd4 Rxh4 29. Nf3 Rh6 30. h3 Rf6 31. Bg4 Nc3 32. Kb2 Ne2
33. Re1 Ng3 34. Re8 Bd6 35. d4 Rf4 36. c4 Bc7 37. c5+ Kb5 38. Bd7+ Ka6 39. Ne5
Rxd4 40. Nc4 Rxd7 41. c6 Rd5 42. Re7 Bb6 43. b4 f5 44. a4 Bd8 45. b5+ Rxb5+ 46.
axb5+ Kxb5 47. c7 Bxc7 48. Rxc7 f4 49. Ne5 a5 50. Rf7 Ne2 51. Nd3 f3 52. Rxf3
Kc4 53. Nf4 Nd4 54. Rc3+ Kb4 55. Nd3+ Kb5 56. Rc5+ Kb6 57. Rg5 Nf3 58. Rd5 Ka6
59. Kc3 Nh4 60. Rh5 Nf3 61. h4 Kb6 62. Rh6+ Kb5 63. h5 a4 64. Rh8 Ng5 65. Rb8+
Ka5 66. Kc4 Nf7 67. Rb2 Ka6 68. Nc5+ 1-0

[Event "I Open A"]
[Site "Pedavena ITA"]
[Date "2005.08.04"]
[Round "2"]
[White "Cacco, Christian"]
[Black "Quaranta, Cristiano"]
[Result "1-0"]
[WhiteElo "2348"]
[BlackElo "2026"]
[PlyCount "75"]
[EventDate "2005.08.03"]

1. d4 Nf6 2. Nf3 g6 3. c4 Bg7 4. Nc3 d5 5. Bf4 c6 6. e3 O-O 7. h3 Nbd7 8. cxd5
Nxd5 9. Nxd5 cxd5 10. Bd3 Qa5+ 11. Qd2 Qxd2+ 12. Kxd2 Nb6 13. Rhc1 f6 14. Ke2
a6 15. Bc7 Nd7 16. Bc2 b6 17. b4 Bb7 18. Bb3 Kh8 19. a3 Rac8 20. Rc2 e5 21.
Rac1 Rfe8 22. Kf1 b5 23. a4 e4 24. Ng1 f5 25. Ne2 Bf8 26. Ba5 Nf6 27. axb5 axb5
28. Rxc8 Rxc8 29. Rxc8 Bxc8 30. Nc3 Bb7 31. Nxb5 Ba6 32. Ba4 Bh6 33. g3 g5 34.
Ke1 f4 35. Bd8 Kg7 36. g4 fxe3 37. fxe3 Kf7 38. Nd6+ 1-0

[Event "I Open A"]
[Site "Pedavena ITA"]
[Date "2005.08.04"]
[Round "2"]
[White "Carlassara, Renato"]
[Black "Brunelli, Giovanni"]
[Result "1-0"]
[WhiteElo "1772"]
[BlackElo "1938"]
[PlyCount "45"]
[EventDate "2005.08.03"]

1. e4 c5 2. d4 cxd4 3. c3 d3 4. Bxd3 Nc6 5. Nf3 d6 6. c4 Nf6 7. Nc3 e6 8. O-O
Be7 9. Qe2 Nd7 10. Rd1 a6 11. Bf4 Qa5 12. Rac1 Nde5 13. Nxe5 Nxe5 14. c5 Nxd3
15. Rxd3 dxc5 16. Nd5 Bd8 17. Ra3 Qb5 18. Qxb5+ axb5 19. Rxa8 exd5 20. Rxc8 Kd7
21. R8xc5 dxe4 22. Rd1+ Ke6 23. Re5+ 1-0

[Event "I Open A"]
[Site "Pedavena ITA"]
[Date "2005.08.04"]
[Round "2"]
[White "Cecchetto, Vanni"]
[Black "Chiesura, Luca"]
[Result "1-0"]
[WhiteElo "2019"]
[BlackElo "1470"]
[PlyCount "83"]
[EventDate "2005.08.03"]

1. Nf3 d5 2. b3 Nc6 3. Bb2 Bf5 4. d3 Qd6 5. Nbd2 Nf6 6. c4 d4 7. g3 e5 8. Bg2
Nd8 9. O-O c5 10. a3 Rb8 11. b4 Nd7 12. Ng5 a6 13. Nge4 Qe6 14. e3 Be7 15. bxc5
Nc6 16. exd4 exd4 17. Re1 Nde5 18. Nd6+ Bxd6 19. cxd6 Qxd6 20. f4 O-O 21. fxe5
Nxe5 22. Ne4 Qh6 23. Bxd4 Bg4 24. Qd2 Qh5 25. Bxe5 Qxe5 26. d4 Rfd8 27. dxe5
Rxd2 28. Nxd2 Rd8 29. Ne4 Rd4 30. Nd6 b6 31. Rab1 h5 32. Rxb6 a5 33. c5 Rd3 34.
Rb8+ Kh7 35. Be4+ g6 36. Bxd3 Bf3 37. Nxf7 Bc6 38. e6 h4 39. gxh4 a4 40. h5 Kg7
41. h6+ Kh7 42. Rh8# 1-0

[Event "I Open A"]
[Site "Pedavena ITA"]
[Date "2005.08.04"]
[Round "2"]
[White "Cipolotti, Piersilvio"]
[Black "Stiz, Massimiliano"]
[Result "1/2-1/2"]
[WhiteElo "1700"]
[BlackElo "1886"]
[PlyCount "64"]
[EventDate "2005.08.03"]

1. Nf3 d5 2. g3 Nc6 3. Bg2 e5 4. O-O e4 5. Ne1 h5 6. d3 Bf5 7. h4 Qd7 8. dxe4
Bxe4 9. Bxe4 dxe4 10. Qxd7+ Kxd7 11. Nc3 f5 12. Bg5 Be7 13. Rd1+ Ke6 14. Bf4
Bd6 15. Ng2 a6 16. Bxd6 cxd6 17. Nf4+ Kd7 18. Na4 Rd8 19. Nc5+ Kc8 20. Nce6 Rd7
21. Nf8 Rd8 22. N4e6 Rxf8 23. Nxf8 Rh6 24. a3 Kd8 25. f3 e3 26. Nh7 Rxh7 27.
Rxd6+ Kc7 28. Rfd1 Nf6 29. Re6 Rh8 30. Rxe3 Rd8 31. Rxd8 Kxd8 32. Rd3+ Kc7
1/2-1/2